Mots par formule chimique - 5 - Statistiques

Statistiques générales
  • Ce quiz a été pris 204 fois
  • Le résultat moyen est 9 sur 10
Statistiques - réponses
Formule Mot % Correct
Lutécium-Néon Lune
99%
Actinium-Cuivre-Sélénium Accusé
96%
Argent-Radium-Fer Agrafe
91%
Carbone-Hydrogène-Or-Soufre-Soufre-Uranium-Rhénium Chaussure
91%
Ruthénium-Carbone-Helium Ruche
90%
Bismuth-Phosphore-Lanthane-Azote Biplan
88%
Calcium-Platine-Iode-Fluor Captif
87%
Radon-Bore-Bismuth-Azote Rabbin
84%
Protactinium-Tellure-Soufre Pâtes
83%
Praséodyme-Oxygène-Protactinium-Gallium-Néodyme-Einsteinium Propagandes
76%
Aucun quiz correspondant
Distribution des résultats
% des personnes avec chaque résultat
Percentile par nombre de réponses
Votre historique - résultats
Vous n’avez pas pris ce quiz